000 00662cab a2200241 4500
001 WB3205-30
008 090401t1996 xxu||||| |||| 00| 0 eng d
035 _a(Sirsi) u14196
041 _aeng
245 _aMoD attacked over housing
260 _c1996
350 _a0
490 _aSunday Telegraph
_v28 January 1996, 14(1)
520 _aDetails of the arrangements by the MoD for the sale of housing stock, for which it is being criticised.
650 _aDEFENCE PROPERTY
650 _aHOUSING STOCK
650 _aMINISTRY OF DEFENCE
650 _aMOD ESTATE
650 _aPRIVATISATION
690 _aHOUSING
942 _n0
948 _c04/03/1997
999 _c9220
_d9220